LIBRARY & INFORMATION CENTRE, KCAET, TAVANUR

ONLINE PUBLIC ACCESS CATALOGUE (OPAC)

Tractors and Agricultural Machinery (Record no. 14150)

MARC details
000 -LEADER
fixed length control field 00393nam a22001337a 4500
020 ## - INTERNATIONAL STANDARD BOOK NUMBER
ISBN 9789380235608
082 ## - DEWEY DECIMAL CLASSIFICATION NUMBER
Classification number 631.372
Item number SRI/TR
100 ## - MAIN ENTRY--AUTHOR NAME
Personal name Srinivasan,K
-- Narayanan V. V
-- Sanjeev Kumar Singh
-- Geethha Lakshmi L
245 ## - TITLE STATEMENT
Title Tractors and Agricultural Machinery
250 ## - EDITION STATEMENT
Edition statement 1 & 2 rev
260 ## - PUBLICATION, DISTRIBUTION, ETC. (IMPRINT)
Place of publication New Delhi
Name of publisher New India Publishing Agency
Year of publication 2011
300 ## - PHYSICAL DESCRIPTION
Number of Pages 210,196
942 ## - ADDED ENTRY ELEMENTS (KOHA)
Koha item type Books
Holdings
Withdrawn status Lost status Damaged status Collection code Home library Current library Shelving location Date acquired Source of acquisition Cost, normal purchase price Full call number Accession Number Koha item type
        KAUAET KAUAET General Stacks 14/10/2016 New India Publishing Agency, New Delhi 1995.00 631.372 SRI/TR 25075 Books
        KAUAET KAUAET General Stacks 14/10/2016 New India Publishing Agency, New Delhi 1995.00 631.372 SRI/TR 25076 Books
free website counter